| 000 | 00703nam a2200193 a 4500 | ||
|---|---|---|---|
| 008 | 120210s2009 ||||||||||||||||| || u | ||
| 020 | _a9781856176002 | ||
| 050 | _aTN 871 Nar | ||
| 100 | _aNardone, Paul J | ||
| 245 | 1 | 0 |
_aWell testing project management: onshore and offshore operations _cPaul J. Nardone |
| 260 |
_aOxford _bElsevier _c2009 |
||
| 300 | _axiii, 343p.: ill. | ||
| 350 | _a0.00 | ||
| 500 | _aBibliography | ||
| 650 | _aENGINEERING | ||
| 650 | 0 | _aPROJECT MANAGEMENT | |
| 650 | _aOIL WELLS--TESTING--MANAGEMENT | ||
| 995 |
_D0.00 _FCBU-MAIN LIBRARY (Kitwe) _H1 _I0.00 _M1 _UAVAILABLE _WApr 12, 2012 _ZMain Library Open Access Collection |
||
| 999 |
_c61594 _d61594 |
||